Statistics for My Chemical Romance

Click here to take the quiz!

General Stats

  • This quiz has been taken 313 times
  • The average score is 16 of 28

Answer Stats

QuestionAnswer% Correct
Lead vocalsGerard
95%
Who in the band, has a fear of needles?Gerard Way
95%
How many live albums do MCR have in total?2
92%
Rhythm guitar and backing vocalsFrank
92%
Bass guitarMikey
90%
Name the song:The doctors and the nurses they adore me so but it's really quite alarming coz I'm such an awful fuckBlood
89%
Lead guitar and backing vocalsRay
88%
What year did MCR break up?2013
85%
Second studio albumThree Cheers for Sweet Revenge
84%
Third studio albumThe Black Parade
81%
What year was Gerard Way born?1977
77%
What life changing attacks did Gerard witness?9/11
72%
What year did Bob Bryar leave the band?2010
71%
First studio albumI Brought You My Bullets, You Brought Me Your Love
70%
Drums and percussion (#2)Bob Bryar
66%
Lynz and Gerards daughters full nameBandit Lee Way
61%
Which band member is a vegetarian?Frank Iero
59%
What was the first song ever written by MCR?Skylines and Turnstiles
58%
Franks birthday (DD/MM)31/10
48%
Last studio albumDanger Days: The True Lives of the Fabulous Killjoys
44%
Second and last Compilation albumMay Death Never Stop You
32%
What song did Gerard record in his underwear?You know what they do to guys like us in prison
25%
Drums and percussion (#1)Matt Pelissier
15%
Keyboards and percussionJames Dewees
13%
What was Party Posion originally titled?Death Before Disco
10%
Who is Gerard married to?Lynz Bellato
3%
"Thank You For The Venom" is from what album?The Cheers for Sweet Revenge
2%
First Compilation albumConventioal Weapons
0%

Score Distribution

Percentile by Number Answered

Percent of People with Each Score

Your Score History

You have not taken this quiz